000 00702nam a2200277Ia 4500
005 20260320195809.0
008 008 262003s9999 xx 000 0 hin d
020 _a9788183619493
037 _aEBOOK
040 _aCRL
040 _bhin
040 _cCRL
041 _2hin
041 _ahin
084 _qCRL
100 _aप्रियदर्शन
_91132784
245 0 _aयह जो काया की माया है
250 _a1st
260 _bRajkamal
260 _c2020
300 _a134
856 _uhttps://ebook.indiaread.in/pdfs/701_ye_jo_kaya_ki_maya_hai_by_priyadarshan_kavita.pdf
942 _cEBOOK
999 _c1716555
_d1716555